[Event "Vienna Chess Open 2016 Group A"]
[Site "Grosser Festsaal im Wiener Rathaus, 1010 Wien"]
[Date "2016.08.19"]
[Round "4"]
[Board "14"]
[White "Certek, Pavel"]
[Black "Arkell, Keith"]
[Result "0-1"]
[WhiteElo "2272"]
[BlackElo "2464"]
[PlyCount "134"]
[EventDate "2016.08.16"]
[EventRounds "9"]
[EventCountry "AUT"]

1.d4 e6 2.e4 d5 3.Nd2 c5 4.exd5 Qxd5 5.Ngf3 cxd4 6.Bc4 Qd6 7.O-O Nf6 8.Nb3 Nc6 9.Nbxd4
Nxd4 10.Qxd4 Qxd4 11.Nxd4 a6 12.Re1 Bc5 13.Nb3 Bd6 14.Be3 Ng4 15.g3 Nxe3 16.Rxe3 Ke7
17.Bf1 Rd8 18.Bg2 Bc7 19.c4 a5 20.Re2 a4 21.Nc5 Ra7 22.Rc1 Bb6 23.Ne4 Bd4 24.Kf1 Ra5
25.Nc3 Bc5 26.f4 Kf8 27.Ke1 h6 28.Rd2 Rxd2 29.Kxd2 g5 30.Rf1 Be7 31.Kd3 a3 32.b3 gxf4
33.Rxf4 Rh5 34.h4 Re5 35.Re4 Rf5 36.Re3 b6 37.Rf3 Re5 38.Re3 Rf5 39.Rf3 Rh5 40.Re3
Bc5 41.Re2 Rf5 42.Ne4 Be7 43.Kc3 Re5 44.Kd4 f6 45.Nc3 Bd6 46.Kd3 Rxe2 47.Nxe2 f5 48.Kc3
Bd7 49.Bf3 e5 50.Kd2 Bb4+ 51.Kd1 Ke7 52.Kc2 Kd6 53.Bh5 Bc6 54.Nc3 Kc5 55.g4 Bf3 56.Na4+
Kd4 57.Nxb6 fxg4 58.Nd5 Be4+ 59.Kd1 g3 60.Ke2 g2 61.Kf2 Be1+ 62.Kg1 Bxh4 63.Be2 Be1
64.b4 h5 65.b5 h4 66.b6 h3 67.Bd3 h2+ 0-1

[Event "Vienna Chess Open 2016 Group A"]
[Site "Grosser Festsaal im Wiener Rathaus, 1010 Wien"]
[Date "2016.08.19"]
[Round "4"]
[Board "15"]
[White "Barle, Janez"]
[Black "Stanec, Nikolaus"]
[Result "1/2-1/2"]
[WhiteElo "2289"]
[BlackElo "2457"]
[PlyCount "32"]
[EventDate "2016.08.16"]
[EventRounds "9"]
[EventCountry "AUT"]

1.e4 c5 2.Nf3 d6 3.Bc4 Nf6 4.d3 e6 5.O-O Be7 6.Re1 O-O 7.Bb3 b6 8.Nbd2 Bb7 9.c3 Nc6
10.a3 Rc8 11.Nf1 Ne5 12.Bc2 Nxf3+ 13.Qxf3 Re8 14.Qh3 Nd7 15.f4 Bf8 16.Ne3 Nf6 1/2-1/2

[Event "Vienna Chess Open 2016 Group A"]
[Site "Grosser Festsaal im Wiener Rathaus, 1010 Wien"]
[Date "2016.08.19"]
[Round "4"]
[Board "16"]
[White "Santagati, Alessandro"]
[Black "Williams, Simon"]
[Result "0-1"]
[WhiteElo "2271"]
[BlackElo "2443"]
[PlyCount "82"]
[EventDate "2016.08.16"]
[EventRounds "9"]
[EventCountry "AUT"]

1.d4 g6 2.c4 Bg7 3.Nc3 d6 4.e4 Nf6 5.Be2 O-O 6.Nf3 e5 7.O-O Nc6 8.d5 Ne7 9.Ne1 Ne8
10.Be3 f5 11.f3 f4 12.Bf2 g5 13.c5 Ng6 14.Rc1 Rf7 15.a4 h5 16.a5 Bf8 17.Nd3 Nf6 18.cxd6
cxd6 19.b4 Bd7 20.h3 g4 21.fxg4 hxg4 22.hxg4 Nh7 23.Be1 Ng5 24.Nf2 Rh7 25.Qd3 f3 26.Bxf3
Nf4 27.Qd1 Qf6 28.Bd2 Be7 29.Nd3 Nxd3 30.Bxg5 Qxg5 31.Qxd3 Qh4 32.Nd1 Bg5 33.Rc2 Bf4
34.g3 Qxg3+ 35.Rg2 Qh4 36.Rc2 Ba4 37.Re2 Bh2+ 38.Kh1 Rf8 39.Nc3 Bd7 40.Rff2 Bg3+ 41.Kg1
Bxg4 0-1

[Event "Vienna Chess Open 2016 Group A"]
[Site "Grosser Festsaal im Wiener Rathaus, 1010 Wien"]
[Date "2016.08.19"]
[Round "4"]
[Board "17"]
[White "Sagar, Shah"]
[Black "Lewicki, Miroslaw"]
[Result "0-1"]
[WhiteElo "2424"]
[BlackElo "2319"]
[PlyCount "102"]
[EventDate "2016.08.16"]
[EventRounds "9"]
[EventCountry "AUT"]

1.d4 Nf6 2.c4 e6 3.Nc3 d5 4.cxd5 exd5 5.Bg5 Nbd7 6.e3 h6 7.Bh4 c6 8.Bd3 Bd6 9.Qc2
O-O 10.Nf3 Re8 11.g4 g5 12.Bg3 Bxg3 13.hxg3 Nxg4 14.O-O-O Qf6 15.Qe2 Nb6 16.Ne5 Nxe5
17.dxe5 Rxe5 18.f4 Re7 19.Rh5 Qe6 20.Qh2 Kg7 21.Rh1 Qxe3+ 22.Kc2 Re6 23.Rxh6 Kf8 24.f5
Rxh6 25.Qxh6+ Ke7 26.Rh2 Qxg3 27.Re2+ Kd7 28.Qf8 Kc7 29.Re8 Qh2+ 30.Kb3 Nd7 31.Qxf7
b5 32.Qe7 a5 33.a3 Bb7 34.Rxa8 Bxa8 35.f6 Qe5 36.Bxb5 Qxe7 37.fxe7 Nc5+ 38.Kc2 Kd7
39.Nxd5 cxb5 40.Nb6+ Kxe7 41.Nxa8 Kd6 42.Nb6 g4 43.Kd2 a4 44.Nc8+ Kd5 45.Ne7+ Ke4
46.Ng6 g3 47.Nh4 Nd3 48.Kc3 Nf4 49.Kb4 Ng6 50.Ng2 Kf3 51.Ne1+ Ke2 0-1

[Event "Vienna Chess Open 2016 Group A"]
[Site "Grosser Festsaal im Wiener Rathaus, 1010 Wien"]
[Date "2016.08.19"]
[Round "4"]
[Board "18"]
[White "Carow, Johannes"]
[Black "Bisby, Daniel"]
[Result "1/2-1/2"]
[WhiteElo "2423"]
[BlackElo "2311"]
[PlyCount "51"]
[EventDate "2016.08.16"]
[EventRounds "9"]
[EventCountry "AUT"]

1.d4 e6 2.c4 d5 3.Nc3 Nf6 4.cxd5 exd5 5.Bg5 c6 6.Qc2 Nbd7 7.e3 Be7 8.Bd3 h6 9.Bh4
Nh5 10.Bxe7 Qxe7 11.O-O-O Nb6 12.h3 Be6 13.Nf3 Nf6 14.Kb1 O-O-O 15.Nd2 Kb8 16.Ka1
Rhe8 17.Rhe1 Bc8 18.Rb1 Ka8 19.b4 g5 20.b5 c5 21.dxc5 Qxc5 22.Nb3 Qd6 23.Nd4 Nfd7
24.Nce2 Ne5 25.Rec1 Bd7 26.Qb3 1/2-1/2

[Event "Vienna Chess Open 2016 Group A"]
[Site "Grosser Festsaal im Wiener Rathaus, 1010 Wien"]
[Date "2016.08.19"]
[Round "4"]
[Board "19"]
[White "Ivanov, Mike"]
[Black "Koop, Thorben"]
[Result "0-1"]
[WhiteElo "2269"]
[BlackElo "2412"]
[PlyCount "124"]
[EventDate "2016.08.16"]
[EventRounds "9"]
[EventCountry "AUT"]

1.e4 c5 2.Nf3 Nc6 3.Bb5 g6 4.O-O Bg7 5.Re1 Nf6 6.e5 Nd5 7.Nc3 Nc7 8.Bxc6 dxc6 9.Ne4
b6 10.Nf6+ Kf8 11.Ne4 Bg4 12.Neg5 h6 13.h3 Bh5 14.Ne4 Bxf3 15.Qxf3 Qd5 16.d3 Ne6 17.Bd2
Rd8 18.Bc3 Kg8 19.Nd2 Qxf3 20.Nxf3 Kh7 21.Re4 Rd5 22.h4 g5 23.Rae1 Kg6 24.Bd2 Nd4
25.Nxd4 cxd4 26.f3 Rhd8 27.hxg5 hxg5 28.Rg4 f6 29.exf6 Bxf6 30.Rge4 Rc5 31.Bb4 Rxc2
32.Bxe7 Re8 33.Bxf6 Rxe4 34.Rxe4 Kxf6 35.Rxd4 Rxb2 36.Rd6+ Ke5 37.Rxc6 Rxa2 38.Kh2
Ra4 39.Kg3 Rb4 40.Kf2 Rb2+ 41.Kg3 a5 42.Rg6 Kf5 43.Rg8 a4 44.Rf8+ Ke6 45.Ra8 b5 46.Ra5
Ke5 47.Kg4 Rxg2+ 48.Kh5 Rb2 49.Kxg5 Kd4 50.f4 Kxd3 51.f5 Kc4 52.f6 Rg2+ 53.Kf5 Kb4
54.Ra6 Ka3 55.f7 Rf2+ 56.Kg6 Rxf7 57.Kxf7 b4 58.Ke6 b3 59.Kd5 b2 60.Rb6 Ka2 61.Kc4
a3 62.Kc3 b1=Q 0-1

[Event "Vienna Chess Open 2016 Group A"]
[Site "Grosser Festsaal im Wiener Rathaus, 1010 Wien"]
[Date "2016.08.19"]
[Round "4"]
[Board "20"]
[White "Nitin, Senthilvel"]
[Black "Svicevic, Rastko"]
[Result "1-0"]
[WhiteElo "2398"]
[BlackElo "2265"]
[PlyCount "105"]
[EventDate "2016.08.16"]
[EventRounds "9"]
[EventCountry "AUT"]

1.e4 c5 2.Nf3 Nc6 3.Bb5 g6 4.O-O Bg7 5.c3 Nf6 6.d4 cxd4 7.cxd4 d5 8.Ne5 Qb6 9.Nc3
Be6 10.a4 O-O 11.exd5 Nxd5 12.Nxd5 Bxd5 13.Nd7 Qxd4 14.Nxf8 Rxf8 15.Bxc6 Bxc6 16.Qxd4
Bxd4 17.Rd1 Bf6 18.Ra3 e6 19.b4 Bd5 20.Be3 Be7 21.Bc5 Bxc5 22.bxc5 Rc8 23.Rc3 Kf8
24.f4 Ke7 25.Kf2 Rc6 26.Rb1 Rc7 27.a5 a6 28.g4 Bc6 29.Rd1 Ba4 30.Rd2 Rc8 31.Ke3 Rh8
32.f5 h5 33.fxg6 fxg6 34.g5 h4 35.Rc4 Bc6 36.Rdd4 e5 37.Rd6 Kf7 38.Rg4 h3 39.Rf6+
Kg7 40.Rg3 Rd8 41.Rd6 Rf8 42.Rxh3 Rf5 43.Rg3 e4 44.Kd4 Rf2 45.h4 Rd2+ 46.Ke5 Rc2 47.Rxc6
bxc6 48.Kd6 Ra2 49.Kxc6 Rxa5 50.Re3 Ra4 51.Kd5 Kf7 52.Rxe4 Ra1 53.c6 1-0

[Event "Vienna Chess Open 2016 Group A"]
[Site "Grosser Festsaal im Wiener Rathaus, 1010 Wien"]
[Date "2016.08.19"]
[Round "4"]
[Board "22"]
[White "Keymer, Vincent"]
[Black "Stigar, Petter"]
[Result "1-0"]
[WhiteElo "2348"]
[BlackElo "2236"]
[PlyCount "87"]
[EventDate "2016.08.16"]
[EventRounds "9"]
[EventCountry "AUT"]

1.d4 d5 2.c4 dxc4 3.Nf3 Nf6 4.e3 e6 5.Bxc4 c5 6.O-O a6 7.a4 Nc6 8.Qe2 Be7 9.Rd1 Qc7
10.Nc3 O-O 11.h3 Rd8 12.dxc5 Rxd1+ 13.Qxd1 Bxc5 14.Qc2 Bd7 15.Ne4 Be7 16.Bd3 h6 17.Bd2
Rc8 18.Rc1 Qb6 19.Qb1 Nd5 20.Bc4 Ncb4 21.b3 Qd8 22.Ne5 b5 23.axb5 axb5 24.Be2 Be8
25.Nf3 Rxc1+ 26.Qxc1 Qc7 27.Nd4 Qxc1+ 28.Bxc1 Nc7 29.Nc3 Bf6 30.Ncxb5 Bxb5 31.Nxb5
Ncd5 32.Bc4 Kf8 33.Bd2 Nc6 34.Kf1 Ndb4 35.Ke2 Be7 36.Bc3 g6 37.Kd2 h5 38.Be2 Ke8 39.Nd4
Na5 40.Bb5+ Kd8 41.Ba4 Kc7 42.Nc2 Nac6 43.Nxb4 Nxb4 44.Be8 1-0

[Event "Vienna Chess Open 2016 Group A"]
[Site "Grosser Festsaal im Wiener Rathaus, 1010 Wien"]
[Date "2016.08.19"]
[Round "4"]
[Board "23"]
[White "Heinemann, Josefine"]
[Black "Voege, Tobias"]
[Result "1/2-1/2"]
[WhiteElo "2231"]
[BlackElo "2346"]
[PlyCount "134"]
[EventDate "2016.08.16"]
[EventRounds "9"]
[EventCountry "AUT"]

1.e4 c5 2.Nf3 Nc6 3.d4 cxd4 4.Nxd4 g6 5.c4 Bg7 6.Be3 Nf6 7.Nc3 O-O 8.Be2 d6 9.O-O
Bd7 10.Nc2 Rc8 11.Rc1 a6 12.Qd2 Ne5 13.Na3 Be6 14.b3 Qa5 15.Nab1 Rfd8 16.h3 Ned7 17.a3
Qc7 18.f4 Nc5 19.Qc2 b5 20.b4 Nb7 21.cxb5 axb5 22.Bxb5 d5 23.Qf2 d4 24.Bxd4 Nxe4 25.Bb6
Nxf2 26.Bxc7 Nxh3+ 27.gxh3 Bd4+ 28.Kh2 Rxc7 29.Ne2 Rxc1 30.Rxc1 Bb6 31.Rc6 Bf2 32.Kg2
Be3 33.Bc4 Bd7 34.Rc7 Bb6 35.Rxd7 Rxd7 36.a4 Rc7 37.Bd3 Rc8 38.Nbc3 Ra8 39.Be4 Ra7
40.Nb5 Rxa4 41.Bxb7 Rxb4 42.Nbc3 Bc7 43.Bf3 e6 44.Ne4 h6 45.h4 Rc4 46.h5 f5 47.Nd2
Rb4 48.hxg6 Bxf4 49.Nb3 Be3 50.Na5 Kg7 51.Nc6 Rb6 52.Ne5 Bg5 53.Ng3 Rb2+ 54.Ne2 Bf6
55.Nd3 Rd2 56.Nc5 e5 57.Bh5 Bh4 58.Kf3 Kf6 59.Nc3 Rd8 60.Ke2 Bg3 61.N5e4+ fxe4 62.Nxe4+
Kf5 63.Nxg3+ Kf4 64.g7 Kxg3 65.Bf7 h5 66.g8=Q+ Rxg8 67.Bxg8 h4 1/2-1/2

[Event "Vienna Chess Open 2016 Group A"]
[Site "Grosser Festsaal im Wiener Rathaus, 1010 Wien"]
[Date "2016.08.19"]
[Round "4"]
[Board "24"]
[White "Longson, Sarah"]
[Black "Trkulja, Goran"]
[Result "1/2-1/2"]
[WhiteElo "2126"]
[BlackElo "2335"]
[PlyCount "132"]
[EventDate "2016.08.16"]
[EventRounds "9"]
[EventCountry "AUT"]

1.e4 c5 2.Nf3 e6 3.g3 Nf6 4.e5 Nd5 5.Bg2 d6 6.O-O Nc6 7.exd6 Bxd6 8.d4 O-O 9.c4 Nb6
10.dxc5 Bxc5 11.Qe2 Nd4 12.Nxd4 Bxd4 13.Na3 a6 14.Be3 Bf6 15.Rfd1 Qc7 16.Qc2 Be7 17.c5
Nd5 18.Bxd5 exd5 19.Rxd5 Qc6 20.Rad1 Be6 21.R5d4 Qxc5 22.Qxc5 Bxc5 23.R4d3 Be7 24.Nc2
Rac8 25.Nd4 Bc4 26.Nf5 Bf6 27.Rd7 Rfd8 28.Rxd8+ Rxd8 29.Rxd8+ Bxd8 30.b3 Bd3 31.Nd6
b6 32.Nc8 b5 33.Bc5 f6 34.Ne7+ Kf7 35.Nc6 Ke8 36.Nxd8 Kxd8 37.b4 Kd7 38.f4 Kc6 39.Kf2
Bb1 40.a3 Kd5 41.Be3 Kc4 42.Ke2 Kc3 43.Kd1 Bf5 44.h4 Bg4+ 45.Kc1 Kb3 46.Bd2 Bf5 47.Be3
Kxa3 48.Bc5 Kb3 49.Kd2 Kc4 50.Bf8 g6 51.Be7 Be4 52.Ke3 Bf5 53.Kd2 h5 54.Bd6 Be4 55.Ke3
f5 56.Kd2 Kb3 57.Bc5 Kc4 58.Be7 Bb7 59.Bd6 Kd4 60.Bc5+ Ke4 61.Ke2 Bd5 62.Bb6 Bc4+
63.Kf2 Kd3 64.Ba5 Bd5 65.Bb6 Bc4 66.Ba5 Bd5 1/2-1/2

[Event "Vienna Chess Open 2016 Group A"]
[Site "Grosser Festsaal im Wiener Rathaus, 1010 Wien"]
[Date "2016.08.19"]
[Round "4"]
[Board "25"]
[White "Bauer, Thomas"]
[Black "Manolache, Marius"]
[Result "0-1"]
[WhiteElo "2102"]
[BlackElo "2492"]
[PlyCount "78"]
[EventDate "2016.08.16"]
[EventRounds "9"]
[EventCountry "AUT"]

1.e4 d6 2.d4 Nf6 3.Nc3 g6 4.f4 Bg7 5.Nf3 O-O 6.e5 Ng4 7.h3 Nh6 8.Be3 c6 9.Qd2 dxe5
10.fxe5 Nf5 11.Bf4 f6 12.Bc4+ Kh8 13.O-O-O fxe5 14.Bxe5 Nd7 15.Bxg7+ Kxg7 16.h4 Nf6
17.h5 gxh5 18.Qg5+ Kh8 19.Ne5 Qe8 20.g4 Nd6 21.gxh5 Nxc4 22.Ng6+ Kg7 23.h6+ Kf7 24.Ne5+
Nxe5 25.dxe5 Rg8 26.Qf4 Rg4 27.Qf3 Qg8 28.Kb1 Rg3 29.Qf1 Bg4 30.Rd3 Bh3 31.Qf4 Rg1+
32.Rxg1 Qxg1+ 33.Rd1 Qg4 34.Qf2 Qf5 35.Qxf5 Bxf5 36.exf6 exf6 37.Rf1 Re8 38.Kc1 Kg6
39.Kd2 Bg4 0-1

[Event "Vienna Chess Open 2016 Group A"]
[Site "Grosser Festsaal im Wiener Rathaus, 1010 Wien"]
[Date "2016.08.19"]
[Round "4"]
[Board "26"]
[White "Kharmunova, Nadezhda"]
[Black "Fauland, Alexander"]
[Result "1/2-1/2"]
[WhiteElo "2180"]
[BlackElo "2431"]
[PlyCount "104"]
[EventDate "2016.08.16"]
[EventRounds "9"]
[EventCountry "AUT"]

1.Nf3 Nf6 2.g3 d6 3.Bg2 c6 4.d4 Bg4 5.c4 Nbd7 6.Nc3 e5 7.O-O Be7 8.h3 Bxf3 9.Bxf3
exd4 10.Qxd4 Qb6 11.Qd1 Ne5 12.b3 Nxf3+ 13.exf3 O-O 14.Re1 Rfe8 15.Bg5 Rad8 16.Qe2
h6 17.Bxf6 Bxf6 18.Qxe8+ Rxe8 19.Rxe8+ Kh7 20.Rc1 Qa5 21.Ne4 Bd4 22.Rc2 Qf5 23.Rd2
c5 24.Kg2 Qd7 25.Re2 d5 26.cxd5 Qxd5 27.g4 b5 28.Rc2 Qd7 29.Rb8 h5 30.Nxc5 Qc6 31.b4
hxg4 32.hxg4 a5 33.a3 axb4 34.axb4 Be5 35.Rb7 Qh6 36.Rxf7 Qh2+ 37.Kf1 Qh1+ 38.Ke2
Qb1 39.Rd2 Qxb4 40.Nd3 Qc4 41.Rf5 Bc3 42.Rc2 b4 43.Rh5+ Kg8 44.Rc5 Qb3 45.Kd1 Bd4
46.Rc8+ Kh7 47.Kd2 Qd5 48.Nxb4 Qxf3 49.Nd3 Bxf2 50.Nxf2 Qxf2+ 51.Kc1 Qf4+ 52.Kb2 Qb4+ 1/2-1/2

[Event "Vienna Chess Open 2016 Group A"]
[Site "Grosser Festsaal im Wiener Rathaus, 1010 Wien"]
[Date "2016.08.19"]
[Round "4"]
[Board "27"]
[White "Miedema, David"]
[Black "Albadri, Abd Al Sattar"]
[Result "1-0"]
[WhiteElo "2368"]
[BlackElo "2183"]
[PlyCount "59"]
[EventDate "2016.08.16"]
[EventRounds "9"]
[EventCountry "AUT"]

1.d4 Nf6 2.c4 c5 3.d5 b5 4.cxb5 a6 5.bxa6 Bxa6 6.Nc3 d6 7.Nf3 g6 8.e4 Bxf1 9.Kxf1
Nbd7 10.g3 Bg7 11.Kg2 O-O 12.a4 Qb6 13.Qc2 Rfb8 14.Nb5 Ne8 15.Bd2 Nc7 16.Nxc7 Qxc7
17.Rhb1 Qb7 18.Ra3 Nf6 19.b4 cxb4 20.Rxb4 Qd7 21.Rxb8+ Rxb8 22.a5 Rc8 23.Qd3 Qa7 24.Be3
Qa8 25.Nd4 Nd7 26.Nc6 Bf6 27.a6 Kf8 28.a7 Nc5 29.Bxc5 dxc5 30.Qa6 1-0

[Event "Vienna Chess Open 2016 Group A"]
[Site "Grosser Festsaal im Wiener Rathaus, 1010 Wien"]
[Date "2016.08.19"]
[Round "4"]
[Board "28"]
[White "Dauth, Benjamin"]
[Black "Larmuseau, Michiel"]
[Result "0-1"]
[WhiteElo "2367"]
[BlackElo "2177"]
[PlyCount "84"]
[EventDate "2016.08.16"]
[EventRounds "9"]
[EventCountry "AUT"]

1.e4 e6 2.d4 d5 3.exd5 exd5 4.Bd3 Bd6 5.Qf3 Nf6 6.h3 O-O 7.Ne2 Nbd7 8.Nbc3 c6 9.g4
Re8 10.g5 Ne4 11.Nxe4 dxe4 12.Bxe4 Qe7 13.Bd3 c5 14.Bf4 Bxf4 15.Qxf4 c4 16.O-O-O cxd3
17.Nc3 dxc2 18.Rde1 Qxe1+ 19.Rxe1 Rxe1+ 20.Kxc2 Nf8 21.Kd2 Re8 22.h4 Ne6 23.Qe5 Bd7
24.d5 Nf8 25.Qd4 Red8 26.h5 Bc6 27.Ke1 Ne6 28.Qe5 Nxg5 29.Qxg5 h6 30.Qf5 Bd7 31.Qf4
Re8+ 32.Kd2 Rad8 33.Kc2 Bc8 34.Kb3 b6 35.a4 Re7 36.a5 bxa5 37.Qa4 Rb7+ 38.Ka3 Rb6
39.Qc4 Bf5 40.Qf4 Bc2 41.Qc7 Rdb8 42.d6 Rxb2 0-1

[Event "Vienna Chess Open 2016 Group A"]
[Site "Grosser Festsaal im Wiener Rathaus, 1010 Wien"]
[Date "2016.08.19"]
[Round "4"]
[Board "29"]
[White "Foisor, Cristina"]
[Black "Batyte, Daiva"]
[Result "1-0"]
[WhiteElo "2351"]
[BlackElo "2173"]
[PlyCount "129"]
[EventDate "2016.08.16"]
[EventRounds "9"]
[EventCountry "AUT"]

1.d4 Nf6 2.c4 g6 3.Nc3 Bg7 4.g3 d6 5.Bg2 c6 6.e3 O-O 7.Nge2 e5 8.O-O Nbd7 9.b3 Re8
10.Bb2 Nb6 11.Qd2 e4 12.h3 h5 13.a4 Bf5 14.Kh2 Nh7 15.Ng1 d5 16.a5 Nc8 17.cxd5 cxd5
18.a6 bxa6 19.Rxa6 Rb8 20.Qc2 Qc7 21.Rfa1 h4 22.Nge2 Nf6 23.Qd1 g5 24.R6a5 Qd6 25.Ba3
Qd7 26.Bc5 Rb7 27.gxh4 g4 28.Nf4 gxh3 29.Bxh3 Bxh3 30.Nxh3 Bh6 31.Ne2 Kh8 32.Ng3 Rg8
33.Ra6 Nb6 34.Bxb6 Ng4+ 35.Kg2 axb6 36.Qe2 Rbb8 37.Ra7 Qe6 38.Rc1 Rg7 39.Rcc7 Rbg8
40.Ng5 Bxg5 41.hxg5 Rxg5 42.Rxf7 Nxe3+ 43.Qxe3 Rh5 44.Kf1 Rh4 45.Ke1 Qc6 46.Rfc7 Qb5
47.Kd2 Rh2 48.Ne2 Qb4+ 49.Qc3 Qf8 50.Rf7 Qh6+ 51.Qe3 Qd6 52.Qf4 Qxf4+ 53.Rxf4 Rh3
54.Ng3 Re8 55.Ke3 Rc8 56.Rff7 Rc3+ 57.Kd2 Rc8 58.Rad7 Re8 59.Ke3 Kg8 60.Rg7+ Kh8 61.Rg5
Rf8 62.Rdxd5 Rf3+ 63.Kxe4 Rxf2 64.Rh5+ Rxh5 65.Rxh5+ 1-0

[Event "Vienna Chess Open 2016 Group A"]
[Site "Grosser Festsaal im Wiener Rathaus, 1010 Wien"]
[Date "2016.08.19"]
[Round "4"]
[Board "30"]
[White "Pisu, Robert-Daniel"]
[Black "Sowray, Peter"]
[Result "1-0"]
[WhiteElo "2165"]
[BlackElo "2348"]
[PlyCount "81"]
[EventDate "2016.08.16"]
[EventRounds "9"]
[EventCountry "AUT"]

1.d4 Nf6 2.c4 g6 3.Nc3 d5 4.cxd5 Nxd5 5.Bd2 Nb6 6.Bf4 Bg7 7.e3 c5 8.dxc5 Bxc3+ 9.bxc3
Qxd1+ 10.Rxd1 N6d7 11.Bb5 a6 12.Ba4 Nc6 13.Bc7 O-O 14.Bb6 Nce5 15.Rd4 Nxb6 16.cxb6
Be6 17.Nf3 Nxf3+ 18.gxf3 Rac8 19.Bd7 Rxc3 20.Kd2 Ra3 21.Bxe6 fxe6 22.Ra1 Rf5 23.Rd8+
Kf7 24.Rb8 Rd5+ 25.Ke2 Rc3 26.f4 Rc2+ 27.Kf3 Rdd2 28.Rxb7 Rxf2+ 29.Ke4 Rxh2 30.Rd7
Rxa2 31.b7 Rab2 32.Rc1 Rb4+ 33.Kd3 Rh5 34.Rcc7 e5 35.Rxe7+ Kf6 36.Rf7+ Ke6 37.Kc3
Rb5 38.Rce7+ Kd5 39.Re8 Rc5+ 40.Kd3 Rb5 41.b8=Q 1-0

[Event "Vienna Chess Open 2016 Group A"]
[Site "Grosser Festsaal im Wiener Rathaus, 1010 Wien"]
[Date "2016.08.19"]
[Round "4"]
[Board "31"]
[White "De Schampheleire, Glen"]
[Black "Wagner, Gregor"]
[Result "0-1"]
[WhiteElo "2339"]
[BlackElo "2170"]
[PlyCount "118"]
[EventDate "2016.08.16"]
[EventRounds "9"]
[EventCountry "AUT"]

1.d4 d5 2.c4 c6 3.Nf3 Nf6 4.e3 e6 5.b3 Nbd7 6.Bd3 Bd6 7.Bb2 O-O 8.O-O b6 9.Nbd2 Bb7
10.Qe2 c5 11.Rad1 Qc7 12.Nb1 dxc4 13.bxc4 Bxf3 14.Qxf3 Bxh2+ 15.Kh1 Bd6 16.Nc3 a6
17.g4 cxd4 18.exd4 h6 19.Rg1 Bf4 20.Ne2 Bg5 21.Qh3 b5 22.cxb5 axb5 23.f4 Bxf4 24.Nxf4
Rxa2 25.Bc1 Qc6+ 26.Rg2 Rxg2 27.Nxg2 Ra8 28.Bd2 Ra2 29.Rc1 Qa8 30.Rc2 Rxc2 31.Bxc2
Qa1+ 32.Be1 Qxd4 33.Ne3 Ne5 34.Qg3 Nd5 35.Nxd5 Qxd5+ 36.Qg2 Qxg2+ 37.Kxg2 Nxg4 38.Bd3
f5 39.Bxb5 g5 40.Bc3 Kf7 41.Bd7 h5 42.Kf3 Ke7 43.Bc8 Nh6 44.Ke3 h4 45.Kf3 Kf7 46.Bb2
Ng8 47.Ke3 Ne7 48.Bb7 Ng6 49.Bc8 Ne7 50.Bb7 Kg6 51.Be5 Ng8 52.Bc8 Kf7 53.Bb2 Nf6 54.Kd4
Ng4 55.Kc5 Ke7 56.Bc1 f4 57.Kd4 h3 58.Bb7 h2 59.Bd2 Nf2 0-1

[Event "Vienna Chess Open 2016 Group A"]
[Site "Grosser Festsaal im Wiener Rathaus, 1010 Wien"]
[Date "2016.08.19"]
[Round "4"]
[Board "32"]
[White "Singer, Christoph"]
[Black "Wozniak, Mariola"]
[Result "1/2-1/2"]
[WhiteElo "2334"]
[BlackElo "2166"]
[PlyCount "95"]
[EventDate "2016.08.16"]
[EventRounds "9"]
[EventCountry "AUT"]

1.e4 c5 2.Nf3 d6 3.Bb5+ Nd7 4.O-O Ngf6 5.Re1 a6 6.Bd3 g6 7.c3 Bg7 8.Bc2 O-O 9.d4 b6
10.Nbd2 Bb7 11.Nf1 Qc7 12.Bg5 h6 13.Bd2 e5 14.d5 c4 15.b4 cxb3 16.axb3 a5 17.Ng3 b5
18.Bd3 Ba6 19.b4 a4 20.Qe2 Rfb8 21.Nf1 Nb6 22.Ne3 Qd7 23.Nc2 Ne8 24.Na3 f5 25.Nh4
fxe4 26.Qxe4 Nf6 27.Qxg6 Qe8 28.Qg3 Nbxd5 29.Nf5 Nh5 30.Nxh6+ Kf8 31.Qf3+ Ndf4 32.Nf5
Bb7 33.Be4 d5 34.Bc2 Qg6 35.Ng3 e4 36.Nxh5 exf3 37.Bxg6 Nxg6 38.Nxb5 Be5 39.Nd4 fxg2
40.Kxg2 Kf7 41.f4 Bxd4 42.cxd4 Rh8 43.Ng3 Kf6 44.Rec1 Nh4+ 45.Kf2 Nf5 46.Rh1 a3 47.Ra2
Rh3 48.Nxf5 1/2-1/2

[Event "Vienna Chess Open 2016 Group A"]
[Site "Grosser Festsaal im Wiener Rathaus, 1010 Wien"]
[Date "2016.08.19"]
[Round "4"]
[Board "33"]
[White "Lomineishvili, Maia"]
[Black "Leitner, Gerald"]
[Result "1/2-1/2"]
[WhiteElo "2331"]
[BlackElo "2145"]
[PlyCount "181"]
[EventDate "2016.08.16"]
[EventRounds "9"]
[EventCountry "AUT"]

1.d4 Nf6 2.c4 e6 3.Nc3 Bb4 4.e3 O-O 5.Bd3 c5 6.Nf3 b6 7.O-O Bb7 8.Na4 cxd4 9.a3 Be7
10.exd4 d6 11.Nc3 Nbd7 12.Re1 Rc8 13.h3 Re8 14.Bf4 Nf8 15.Qe2 Ng6 16.Bh2 Nh5 17.Qe3
Ba6 18.Nb5 Bxb5 19.cxb5 Nf6 20.Rac1 Qd7 21.Rxc8 Rxc8 22.Ng5 Nd5 23.Qd2 Bf8 24.Bg3
Be7 25.h4 Nf6 26.Qe2 Nd5 27.Qh5 Bxg5 28.Qxg5 Nge7 29.h5 h6 30.Qg4 Nf6 31.Qf3 Ned5
32.Bh4 Rc7 33.Bg3 Rc8 34.Rd1 Rc7 35.Kh1 Rc8 36.Bh4 Rc7 37.Bg3 Rc8 38.Re1 Rc7 39.Rg1
Ne8 40.Bh2 Qe7 41.Qg4 Qg5 42.Qxg5 hxg5 43.g4 Kf8 44.Kg2 Ke7 45.Kf3 Nef6 46.Ke2 Rc8
47.Kf3 Kd7 48.Bg3 Ne7 49.Bh2 Nfd5 50.Ke2 Rh8 51.Bg3 f5 52.f3 fxg4 53.fxg4 Rf8 54.Be4
Nf4+ 55.Bxf4 Rxf4 56.Ke3 d5 57.Bf3 Ng8 58.a4 Nf6 59.a5 bxa5 60.Ra1 Nxg4+ 61.Bxg4 Rxg4
62.Rxa5 Rg3+ 63.Kf2 Rh3 64.Rxa7+ Kd6 65.Rxg7 Rxh5 66.Ke3 Rh2 67.b4 Rh3+ 68.Kd2 Rb3
69.Rxg5 Rxb4 70.Kc3 Rxb5 71.Rg6 Rb8 72.Rh6 Rg8 73.Kd3 Rg3+ 74.Kd2 Ke7 75.Ke2 Kf7 76.Kd2
Rg6 77.Rh1 Kf6 78.Rf1+ Kg5 79.Ke3 Rf6 80.Rg1+ Kf5 81.Rf1+ Kg6 82.Rg1+ Kf7 83.Rh1 Rg6
84.Rf1+ Ke7 85.Rh1 Rg3+ 86.Kd2 Kf6 87.Rf1+ Kg5 88.Rf8 Rg4 89.Ke3 Re4+ 90.Kd3 Rf4 91.Rg8+ 1/2-1/2

[Event "Vienna Chess Open 2016 Group A"]
[Site "Grosser Festsaal im Wiener Rathaus, 1010 Wien"]
[Date "2016.08.19"]
[Round "4"]
[Board "34"]
[White "Powierski, Emil"]
[Black "Binder, Moriz"]
[Result "1/2-1/2"]
[WhiteElo "2323"]
[BlackElo "2143"]
[PlyCount "143"]
[EventDate "2016.08.16"]
[EventRounds "9"]
[EventCountry "AUT"]

1.e4 e5 2.Nf3 Nc6 3.Bc4 Bc5 4.O-O d6 5.c3 Nf6 6.d4 Bb6 7.dxe5 Nxe5 8.Nxe5 dxe5 9.Qxd8+
Kxd8 10.Nd2 Ke7 11.Nf3 Be6 12.Nxe5 Nxe4 13.Bxe6 Kxe6 14.Nc4 f5 15.Bf4 c6 16.Rae1 Kf6
17.g4 Rhe8 18.Kg2 fxg4 19.f3 Nc5 20.Be5+ Kg6 21.Re3 Nd7 22.Re4 Nf6 23.Rf4 Be3 24.Nxe3
gxf3+ 25.Kxf3 Rxe5 26.Rg1+ Rg5 27.Rd1 Re8 28.h4 Ra5 29.Nf5 h5 30.Nd6 Re7 31.a3 Rd5
32.Rxd5 Nxd5 33.Rf5 Nf6 34.Rg5+ Kh7 35.Nf5 Rd7 36.Kf4 g6 37.Nd4 Ng4 38.Ne6 Rf7+ 39.Ke4
Rf2 40.Nf4 Rxb2 41.Nxg6 Rb5 42.Nf8+ Kh8 43.Rxb5 cxb5 44.Ne6 Nf2+ 45.Kd4 Nd1 46.Nf4
Nb2 47.Kc5 Nc4 48.a4 a6 49.axb5 axb5 50.Kxb5 Nd6+ 51.Kb6 Ne4 52.c4 Kg7 53.Nxh5+ Kg6
54.Nf4+ Kf5 55.Ng2 Kg4 56.c5 Kh5 57.Kb5 Kg4 58.Kc4 Nf6 59.Kd4 Nd7 60.Kd5 Nf6+ 61.Ke5
Nd7+ 62.Kd6 Nf6 63.Kc7 Ne4 64.Kb6 Kh5 65.Kb5 Kg4 66.Kb4 Nf6 67.Kc4 Nd7 68.Kd5 Nf6+
69.Ke5 Nd7+ 70.Kd6 Nf6 71.Kc7 Ne4 72.Kb6 1/2-1/2

[Event "Vienna Chess Open 2016 Group A"]
[Site "Grosser Festsaal im Wiener Rathaus, 1010 Wien"]
[Date "2016.08.19"]
[Round "4"]
[Board "35"]
[White "Kummer, Helmut "]
[Black "Babar, Michael"]
[Result "1/2-1/2"]
[WhiteElo "2318"]
[BlackElo "2136"]
[PlyCount "99"]
[EventDate "2016.08.16"]
[EventRounds "9"]
[EventCountry "AUT"]

1.d4 e6 2.c4 f5 3.g3 Nf6 4.Bg2 c6 5.Nf3 d5 6.O-O Bd6 7.b3 Qe7 8.Bb2 O-O 9.Nbd2 Ne4
10.Ne5 Nxd2 11.Qxd2 Nd7 12.Rac1 Nxe5 13.dxe5 Bb4 14.Bc3 Bxc3 15.Rxc3 Bd7 16.cxd5 exd5
17.f4 Be6 18.Qd4 a5 19.Rfc1 Qb4 20.e3 Ra6 21.Bf1 Qxd4 22.exd4 Rb6 23.a3 Ra8 24.Kf2
Kf7 25.Ke1 h6 26.R1c2 g5 27.fxg5 hxg5 28.Rf2 Ke7 29.Bd3 Rf8 30.Bc2 Bd7 31.Kd2 Ra6
32.Rcf3 g4 33.Rf4 Raa8 34.Bxf5 Bxf5 35.Rxf5 Rxf5 36.Rxf5 Rh8 37.Rf2 c5 38.Ke3 b6 39.Rc2
Ke6 40.Kd3 Rf8 41.dxc5 bxc5 42.Rxc5 Kxe5 43.Rxa5 Rf3+ 44.Kd2 Rxb3 45.Ra4 d4 46.Ra8
Ke4 47.Re8+ Kf3 48.Rf8+ Kg2 49.Rg8 Kxh2 50.Rxg4 1/2-1/2

[Event "Vienna Chess Open 2016 Group A"]
[Site "Grosser Festsaal im Wiener Rathaus, 1010 Wien"]
[Date "2016.08.19"]
[Round "4"]
[Board "36"]
[White "Herrmann, Oliver"]
[Black "Formento, Paolo"]
[Result "0-1"]
[WhiteElo "2142"]
[BlackElo "2298"]
[PlyCount "58"]
[EventDate "2016.08.16"]
[EventRounds "9"]
[EventCountry "AUT"]

1.e4 e6 2.Nf3 d5 3.Nc3 Nf6 4.e5 Nfd7 5.d4 c5 6.dxc5 Nc6 7.Bf4 Bxc5 8.Bd3 f6 9.exf6
Nxf6 10.O-O O-O 11.Bg3 Nh5 12.Bh4 Be7 13.Ng5 Nf4 14.Nxh7 Rf7 15.Bxe7 Qxe7 16.Re1 Nxd3
17.Nxd5 Qh4 18.Qxd3 Qxh7 19.Qd2 Qf5 20.Ne3 Qf4 21.c4 e5 22.b4 Be6 23.Rac1 Rd8 24.Qb2
Rfd7 25.Rf1 Rd2 26.Qa3 Nd4 27.Rb1 Ne2+ 28.Kh1 R8d4 29.Qxa7 Qxh2+ 0-1